000
00297nam a22001217a 4500
082
_a
808 LEG'P
100
_a
MEAD, C. DAVID,CHARVAT, WILLIAM,MEAD, C. DAVID
_9
57867
245
_a
HANDBOOK FOR WRITERS
250
_a
2ND
260
_a
NEWJERSCY
_b
PRENTICE HALL
_c
1955
300
_a
544P
942
_c
BK
999
_c
568111
_d
568111